NFL Player's Alma Maters - Statistics

General Stats
  • This quiz has been taken 80 times
  • The average score is 14 of 20
Answer Stats
Player School % Correct
Odell Beckham Jr. Louisiana State
97%
Mark Ingram Alabama
90%
Matt Ryan Boston College
90%
Ed Reed Miami (Florida)
89%
Andy Dalton Texas Christian
89%
JJ Watt Wisconsin
87%
Kirk Cousins Michigan State
83%
Joe Flacco Delaware
82%
Marshawn Lynch California
75%
Tyrod Taylor Virginia Tech
70%
Dan Marino Pittsburgh
69%
Tony Romo Eastern Illinois
68%
Steve McNair Alcorn State
59%
Carlos Hyde Ohio State
58%
Ryan Leaf Washington State
58%
Julian Edelman Kent State
55%
Jerry Rice Mississippi Valley State
55%
Jason Witten Tennessee
44%
Vernon Davis Maryland
32%
Josh Norman Coastal Carolina
28%
No matching quizzes found
Score Distribution
Percent of People with Each Score
Percentile by Number Answered
Your Score History
You have not taken this quiz